000 00247nam a22001097a 4500
008 160510b xxu||||| |||| 00| 0 eng d
020 _a0138144435
041 _aeng
080 _a577
245 _aBiochemistry:
_cLaurence A. Moran;
942 _2udc
_cBK
999 _c1956
_d1956